Pays avec le + de Ligue des Champions - Statistiques

Statistiques générales
  • Ce quiz a été pris 163 fois
  • Le résultat moyen est 8 sur 10
Statistiques - réponses
Nombre de LDC Classement Réponse % Correct
8 4 Allemagne
99%
15 2 Angleterre
99%
19 1 Espagne
99%
1 7 France
98%
12 3 Italie
98%
4 6 Portugal
97%
6 5 Pays-Bas
93%
1 8 Ecosse
65%
1 9 Roumanie
62%
1 10 Yougoslavie
37%
Aucun quiz correspondant
Distribution des résultats
% des personnes avec chaque résultat
Percentile par nombre de réponses
Votre historique - résultats
Vous n’avez pas pris ce quiz